| 000 | 00480nam a2200145 i 4500 | ||
|---|---|---|---|
| 001 | 183924 | ||
| 003 | ES-MaACL | ||
| 005 | 20230906222013.0 | ||
| 008 | 141128s1909 sp |||| | spa d | ||
| 245 | 0 | 0 |
_aReglamento provisional de Sanidad exterior / _c[publicado por El Eco de las Aduanas]. |
| 260 |
_a[Madrid : _b"Sucesores de Rivadeneyra", _c1909] |
||
| 300 |
_a49 p. ; _c26 cm. |
||
| 650 | 4 |
_aSalud pública- _vLegislación- _zEspaña. _9161098 |
|
| 852 |
_aES-MaACL _jT-1440-F-4 |
||
| 999 |
_c183924 _d183924 |
||